000
00203nam a2200085 4500
001
1234086
005
20250926113753.0
245
_a
ÇİZGİ KEDİNİN MASALI
_c
FİGEN YAMAN COŞAR
260
_b
ERDEM YAYINLARI
999
_c
1234086
_d
1234086